Statistics for Richest People In The World

Click here to take the quiz!

General Stats

  • This quiz has been taken 30 times
  • The average score is 5 of 10

Answer Stats

Wealth ($bns)CompanyCountry Of ResidenceTheir Name% Correct
197 billionTeslaUSAElon Musk
96%
189 billionAmazonUSAJeff Bezos
96%
110 billionMicrosoftUSABill Gates
82%
101 billionFacebookUSAMark Zuckerburg
79%
91 billionBerkshire HathawayUSAWarren Buffet
50%
114 billionLVMHFranceBernard Arnault
32%
83 billionRelianceIndiaMukesh Ambani
11%
80 billionMicrosoftUSASteve Ballmer
7%
80 billionHermesFranceBertrand Puech
0%
85 billionYSTChinaZhong Shanshan
0%

Score Distribution

Percentile by Number Answered

Percent of People with Each Score

Your Score History

You have not taken this quiz